| 000 | 00923cam a2200253 a 4500 | ||
|---|---|---|---|
| 001 | 2978795 | ||
| 003 | NUST-PNEC | ||
| 005 | 20170116180946.0 | ||
| 008 | 920917s1993 ohua 001 0 eng | ||
| 010 | _a 92036587 | ||
| 020 | _a0070399573 | ||
| 040 | _cLIBRARY | ||
| 082 | 0 | 0 | _a621.381 MAL |
| 100 | 1 | _aMalvino, Albert Paul. | |
| 245 | 1 | 0 |
_aElectronic principles _cAlbert Paul Malvino |
| 250 | _a4th ed. | ||
| 260 | _cc.1989 | ||
| 300 |
_axii, 959 p. : _bill. (some col.) ; _c26 cm. |
||
| 500 | _aIncludes index. http://www.amazon.com/Electronic-Principles-Albert-Paul-Malvino/dp/0028008464/ref=sr_1_1?s=books&ie=UTF8&qid=1401520931&sr=1-1&keywords=0028008464 | ||
| 650 | 0 |
_aElectronics. _xEL |
|
| 906 |
_a7 _bcbc _corignew _d1 _eocip _f19 _gy-gencatlg |
||
| 942 |
_2ddc _cBK |
||
| 999 |
_c66307 _d66307 |
||